000 00671nam a2200253Ia 4500
003 OSt
005 20220918203124.0
006 a|||||r|||| 00| 0
007 ta
008 220917b |||||||| |||| 00| 0 eng d
024 _a106,184
037 _cTextual
040 _aARTS
_cARTS
_beng
041 _2eng
_aeng
082 _aV3:1:K8, J9 (TTV)
100 _aDavies Godfrey
_9105685
245 0 _aEarly Stuarts 1603-1660
250 _a2nd
260 _aNA
_bNA
_c1959
490 _aOxford history of England ed by George Clark; 9
650 _aHISTORY
942 _hV3:1:K8, J9 (TTV)
_cTEXL
_2CC
999 _c229542
_d229542